Countries that contain V - Statistics

General Stats
  • This quiz has been taken 28 times
  • The average score is 10 of 16
Answer Stats
Answer % Correct
Vietnam
93%
Vanuatu
89%
Venezuela
86%
Latvia
75%
St. Vincent and the Grenadines
71%
Tuvalu
71%
Slovenia
68%
Slovakia
64%
Bolivia
57%
Bosnia and Herzegovina
57%
St. Kitts and Nevis
57%
Ivory Coast
54%
Maldives
54%
El Salvador
50%
Moldova
46%
Cape Verde
43%
No matching quizzes found
Score Distribution
Percent of People with Each Score
Percentile by Number Answered
Your Score History
You have not taken this quiz